000 00518nam a2200229Ia 4500
003 OSt
005 20220916111011.0
006 a|||||r|||| 00| 0
007 ta
008 220915b |||||||| |||| 00| 0 eng d
024 _a93736
037 _cTextbook
040 _beng
_aARTS
_cARTS
041 _aeng
082 _aU:646:N0, 122D5
110 _aGABON
245 0 _aGabon Congo
260 _c1905
650 _aGEOGRAPHY
942 _hU:646:N0, 122D5
_cTB
_2CC
999 _c102991
_d102991